[Event "World Cup 2023 Open"]
[Site "Baku, Azerbaijan"]
[Date "2023.07.30"]
[Round "1.2"]
[White "Nay Lin Tun (MYA)"]
[Black "Bacrot Etienne (FRA)"]
[Result "0-1"]
[WhiteFideId "13004255"]
[BlackFideId "605506"]
[WhiteElo "2055"]
[BlackElo "2662"]

1. d4 {[%clk 01:30:55]} {[%emt 00:00:04]} Nf6 {[%clk 01:30:55]} {[%emt
00:00:05]} 2. c4 {[%clk 01:31:18]} {[%emt 00:00:07]} e6 {[%clk 01:31:21]}
{[%emt 00:00:04]} 3. Nc3 {[%clk 01:31:40]} {[%emt 00:00:08]} Bb4 {[%clk
01:31:46]} {[%emt 00:00:05]} 4. e3 {[%clk 01:32:02]} {[%emt 00:00:08]} O-O
{[%clk 01:32:10]} {[%emt 00:00:06]} 5. Bd3 {[%clk 01:32:18]} {[%emt 00:00:14]}
Re8 {[%clk 01:32:34]} {[%emt 00:00:06]} 6. Nge2 {[%clk 01:31:41]} {[%emt
00:01:07]} d5 {[%clk 01:32:55]} {[%emt 00:00:08]} 7. a3 {[%clk 01:31:30]}
{[%emt 00:00:42]} Bf8 {[%clk 01:32:58]} {[%emt 00:00:26]} 8. O-O {[%clk
01:31:16]} {[%emt 00:00:44]} Nbd7 {[%clk 01:31:56]} {[%emt 00:01:32]} 9. Qc2
{[%clk 01:29:48]} {[%emt 00:01:58]} c5 {[%clk 01:26:11]} {[%emt 00:06:15]} 10.
Rd1 {[%clk 01:19:59]} {[%emt 00:10:20]} cxd4 {[%clk 01:23:37]} {[%emt
00:03:04]} 11. exd4 {[%clk 01:18:54]} {[%emt 00:01:34]} dxc4 {[%clk 01:23:48]}
{[%emt 00:00:18]} 12. Bxc4 {[%clk 01:19:17]} {[%emt 00:00:09]} Nb6 {[%clk
01:24:10]} {[%emt 00:00:08]} 13. Bd3 {[%clk 01:18:24]} {[%emt 00:01:23]} Bd7
{[%clk 01:22:44]} {[%emt 00:01:56]} 14. Bg5 {[%clk 01:16:45]} {[%emt 00:02:08]}
h6 {[%clk 01:22:47]} {[%emt 00:00:26]} 15. Bh4 {[%clk 01:16:37]} {[%emt
00:00:39]} Rc8 {[%clk 01:22:43]} {[%emt 00:00:34]} 16. Qb3 {[%clk 01:09:40]}
{[%emt 00:07:27]} Bc6 {[%clk 01:21:31]} {[%emt 00:01:41]} 17. a4 {[%clk
01:07:58]} {[%emt 00:02:13]} Nbd5 {[%clk 01:20:17]} {[%emt 00:01:43]} 18. Bb5
{[%clk 00:59:18]} {[%emt 00:09:11]} Qd7 {[%clk 01:17:15]} {[%emt 00:03:32]} 19.
Rac1 {[%clk 00:50:51]} {[%emt 00:08:58]} a6 {[%clk 01:13:13]} {[%emt 00:04:31]}
20. Bxc6 {[%clk 00:49:38]} {[%emt 00:01:43]} Rxc6 {[%clk 01:13:35]} {[%emt
00:00:07]} 21. Nxd5 {[%clk 00:47:39]} {[%emt 00:02:30]} Nxd5 {[%clk 01:13:40]}
{[%emt 00:00:24]} 22. Rxc6 {[%clk 00:46:49]} {[%emt 00:01:20]} Qxc6 {[%clk
01:14:04]} {[%emt 00:00:06]} 23. Rc1 {[%clk 00:46:48]} {[%emt 00:00:32]} Qd7
{[%clk 01:14:28]} {[%emt 00:00:05]} 24. Bg3 {[%clk 00:42:02]} {[%emt 00:05:16]}
Rc8 {[%clk 01:14:01]} {[%emt 00:00:57]} 25. Rxc8 {[%clk 00:36:19]} {[%emt
00:06:14]} Qxc8 {[%clk 01:14:29]} {[%emt 00:00:01]} 26. Nc3 {[%clk 00:36:34]}
{[%emt 00:00:15]} Bb4 {[%clk 01:13:30]} {[%emt 00:01:28]} 27. Ne2 {[%clk
00:35:13]} {[%emt 00:01:52]} Qc6 {[%clk 01:11:27]} {[%emt 00:02:33]} 28. h3
{[%clk 00:32:51]} {[%emt 00:02:51]} Bd2 {[%clk 01:06:10]} {[%emt 00:05:46]} 29.
Qd3 {[%clk 00:22:51]} {[%emt 00:10:31]} Bg5 {[%clk 01:00:42]} {[%emt 00:05:58]}
30. Nc3 {[%clk 00:12:07]} {[%emt 00:11:14]} Nb4 {[%clk 00:58:36]} {[%emt
00:02:36]} 31. Qe4 {[%clk 00:11:37]} {[%emt 00:01:00]} Bc1 {[%clk 00:49:57]}
{[%emt 00:09:09]} 32. Qb1 {[%clk 00:09:37]} {[%emt 00:02:31]} Bd2 {[%clk
00:50:10]} {[%emt 00:00:16]} 33. Ne4 {[%clk 00:08:17]} {[%emt 00:01:50]} Bg5
{[%clk 00:48:58]} {[%emt 00:01:42]} 34. b3 {[%clk 00:06:39]} {[%emt 00:02:09]}
Qd5 {[%clk 00:46:28]} {[%emt 00:03:00]} 35. Bd6 {[%clk 00:03:56]} {[%emt
00:03:13]} Nc6 {[%clk 00:45:10]} {[%emt 00:01:48]} 36. Nxg5 {[%clk 00:02:56]}
{[%emt 00:01:32]} hxg5 {[%clk 00:42:03]} {[%emt 00:03:36]} 37. Bc5 {[%clk
00:02:41]} {[%emt 00:00:45]} Nxd4 {[%clk 00:41:35]} {[%emt 00:00:59]} 38. Bxd4
{[%clk 00:02:38]} {[%emt 00:00:32]} Qxd4 {[%clk 00:42:03]} {[%emt 00:00:02]} 39.
Qc1 {[%clk 00:02:02]} {[%emt 00:01:07]} Qd5 {[%clk 00:42:04]} {[%emt 00:00:28]}
40. Qc8+ {[%clk 00:01:31]} {[%emt 00:01:01]} Kh7 {[%clk 00:42:27]} {[%emt
00:00:06]} 41. Qc2+ {[%clk 00:01:40]} {[%emt 00:00:22]} Kh6 {[%clk 00:42:45]}
{[%emt 00:00:11]} 42. Qc3 {[%clk 00:01:25]} {[%emt 00:00:45]} Kg6 {[%clk
00:40:08]} {[%emt 00:03:06]} 43. a5 {[%clk 00:00:48]} {[%emt 00:01:07]} Qe4
{[%clk 00:39:33]} {[%emt 00:01:03]} 44. b4 {[%clk 00:28:25]} {[%emt 00:02:55]}
Kh6 {[%clk 01:09:35]} {[%emt 00:00:27]} 45. Qd2 {[%clk 00:27:21]} {[%emt
00:01:34]} Qd5 {[%clk 01:09:26]} {[%emt 00:00:38]} 46. Qc3 {[%clk 00:26:35]}
{[%emt 00:01:17]} e5 {[%clk 01:09:42]} {[%emt 00:00:14]} 47. Qc8 {[%clk
00:25:08]} {[%emt 00:01:58]} Kg6 {[%clk 01:09:26]} {[%emt 00:00:44]} 48. Qc2+
{[%clk 00:21:21]} {[%emt 00:04:18]} Kf6 {[%clk 01:09:26]} {[%emt 00:00:29]} 49.
Qc8 {[%clk 00:19:10]} {[%emt 00:02:42]} Qc6 {[%clk 01:06:45]} {[%emt 00:03:10]}
50. Qd8+ {[%clk 00:18:35]} {[%emt 00:01:06]} Kf5 {[%clk 01:06:29]} {[%emt
00:00:44]} 51. Qe7 {[%clk 00:17:44]} {[%emt 00:01:23]} Qd5 {[%clk 01:06:02]}
{[%emt 00:00:56]} 52. Qf8 {[%clk 00:17:22]} {[%emt 00:00:52]} Kf6 {[%clk
01:04:20]} {[%emt 00:02:11]} 53. Qc8 {[%clk 00:17:37]} {[%emt 00:00:16]} Ke7
{[%clk 01:03:30]} {[%emt 00:01:19]} 54. Qg8 {[%clk 00:15:44]} {[%emt 00:02:24]}
g6 {[%clk 01:02:16]} {[%emt 00:01:44]} 55. Qb8 {[%clk 00:13:04]} {[%emt
00:03:11]} Kd7 {[%clk 01:02:06]} {[%emt 00:00:39]} 56. Qa7 {[%clk 00:06:10]}
{[%emt 00:07:24]} Ke7 {[%clk 00:47:16]} {[%emt 00:15:19]} 57. Qb8 {[%clk
00:05:33]} {[%emt 00:01:08]} Qb5 {[%clk 00:46:21]} {[%emt 00:01:24]} 58. Qc7+
{[%clk 00:05:32]} {[%emt 00:00:31]} Ke6 {[%clk 00:46:42]} {[%emt 00:00:10]} 59.
Qc8+ {[%clk 00:04:52]} {[%emt 00:01:10]} Qd7 {[%clk 00:46:35]} {[%emt
00:00:37]} 60. Qc4+ {[%clk 00:04:41]} {[%emt 00:00:41]} Ke7 {[%clk 00:46:33]}
{[%emt 00:00:29]} 61. Qc1 {[%clk 00:01:59]} {[%emt 00:03:15]} Kf6 {[%clk
00:46:47]} {[%emt 00:00:15]} 62. Qe3 {[%clk 00:01:58]} {[%emt 00:00:32]} Qd1+
{[%clk 00:46:40]} {[%emt 00:00:37]} 63. Kh2 {[%clk 00:02:24]} {[%emt 00:00:04]}
Qd4 {[%clk 00:46:46]} {[%emt 00:00:24]} 64. Qe1 {[%clk 00:02:07]} {[%emt
00:00:48]} g4 {[%clk 00:41:27]} {[%emt 00:05:49]} 65. hxg4 {[%clk 00:01:54]}
{[%emt 00:00:42]} Qxg4 {[%clk 00:41:55]} {[%emt 00:00:02]} 66. Qc3 {[%clk
00:01:17]} {[%emt 00:01:07]} Qd4 {[%clk 00:41:40]} {[%emt 00:00:45]} 67. Qe1
{[%clk 00:01:06]} {[%emt 00:00:41]} Ke6 {[%clk 00:39:37]} {[%emt 00:02:32]} 68.
Kg1 {[%clk 00:01:11]} {[%emt 00:00:25]} Kd6 {[%clk 00:39:51]} {[%emt 00:00:16]}
69. Qb1 {[%clk 00:01:06]} {[%emt 00:00:36]} Qc4 {[%clk 00:40:05]} {[%emt
00:00:16]} 70. Qd1+ {[%clk 00:01:00]} {[%emt 00:00:36]} Kc7 {[%clk 00:38:47]}
{[%emt 00:01:47]} 71. Qa4 {[%clk 00:00:38]} {[%emt 00:00:53]} Kd8 {[%clk
00:35:36]} {[%emt 00:03:39]} 72. Qd1+ {[%clk 00:00:39]} {[%emt 00:00:29]} Ke7
{[%clk 00:35:38]} {[%emt 00:00:28]} 73. Qe1 {[%clk 00:00:45]} {[%emt 00:00:24]}
Ke6 {[%clk 00:35:48]} {[%emt 00:00:20]} 74. Qd2 {[%clk 00:00:41]} {[%emt
00:00:36]} Qd4 {[%clk 00:35:52]} {[%emt 00:00:25]} 75. Qa2+ {[%clk 00:00:46]}
{[%emt 00:00:25]} Kf6 {[%clk 00:35:46]} {[%emt 00:00:35]} 76. Qb3 {[%clk
00:01:01]} {[%emt 00:00:16]} Kg7 {[%clk 00:36:08]} {[%emt 00:00:07]} 77. Qb1
{[%clk 00:00:54]} {[%emt 00:00:37]} Qd2 {[%clk 00:36:12]} {[%emt 00:00:25]} 78.
g3 {[%clk 00:00:37]} {[%emt 00:00:49]} Qd5 {[%clk 00:36:14]} {[%emt 00:00:27]}
79. Qc2 {[%clk 00:00:42]} {[%emt 00:00:24]} Qd4 {[%clk 00:36:16]} {[%emt
00:00:29]} 80. Qc7 {[%clk 00:00:38]} {[%emt 00:00:35]} Qd1+ {[%clk 00:36:15]}
{[%emt 00:00:31]} 81. Kh2 {[%clk 00:00:35]} {[%emt 00:00:32]} Qd5 {[%clk
00:36:38]} {[%emt 00:00:07]} 82. Qe7 {[%clk 00:00:44]} {[%emt 00:00:21]} Kh7
{[%clk 00:36:58]} {[%emt 00:00:11]} 83. Kg1 {[%clk 00:00:46]} {[%emt 00:00:28]}
Kg7 {[%clk 00:37:03]} {[%emt 00:00:25]} 84. Kh2 {[%clk 00:00:50]} {[%emt
00:00:26]} e4 {[%clk 00:37:10]} {[%emt 00:00:23]} 85. Kg1 {[%clk 00:00:47]}
{[%emt 00:00:33]} g5 {[%clk 00:34:45]} {[%emt 00:02:56]} 86. Kf1 {[%clk
00:00:36]} {[%emt 00:00:42]} Kg6 {[%clk 00:34:52]} {[%emt 00:00:22]} 87. Kg1
{[%clk 00:00:35]} {[%emt 00:00:31]} Kf5 {[%clk 00:34:16]} {[%emt 00:01:05]} 88.
Kh2 {[%clk 00:00:35]} {[%emt 00:00:31]} Kg4 {[%clk 00:32:49]} {[%emt 00:01:56]}
89. Qf6 {[%clk 00:00:40]} {[%emt 00:00:26]} e3 {[%clk 00:32:04]} {[%emt
00:01:15]} 90. Qb2 {[%clk 00:00:36]} {[%emt 00:00:33]} Qd2 {[%clk 00:31:12]}
{[%emt 00:01:22]} 0-1

[Event "World Cup 2023 Open"]
[Site "Baku, Azerbaijan"]
[Date "2023.07.30"]
[Round "1.26"]
[White "Leiva Gianmarco (PER)"]
[Black "Demchenko Anton (SLO)"]
[Result "1-0"]
[WhiteFideId "3804399"]
[BlackFideId "4160258"]
[WhiteElo "2374"]
[BlackElo "2623"]

1. e4 {[%clk 01:30:56]} {[%emt 00:00:03]} c5 {[%clk 01:30:47]} {[%emt
00:00:14]} 2. Nf3 {[%clk 01:30:31]} {[%emt 00:00:54]} d6 {[%clk 01:31:02]}
{[%emt 00:00:15]} 3. Bb5+ {[%clk 01:27:35]} {[%emt 00:03:26]} Nd7 {[%clk
01:31:09]} {[%emt 00:00:23]} 4. a4 {[%clk 01:26:56]} {[%emt 00:01:10]} Ngf6
{[%clk 01:30:32]} {[%emt 00:01:07]} 5. Nc3 {[%clk 01:27:11]} {[%emt 00:00:15]}
a6 {[%clk 01:30:31]} {[%emt 00:00:31]} 6. Be2 {[%clk 01:27:31]} {[%emt
00:00:10]} g6 {[%clk 01:30:46]} {[%emt 00:00:14]} 7. O-O {[%clk 01:15:40]}
{[%emt 00:12:20]} Bg7 {[%clk 01:30:48]} {[%emt 00:00:29]} 8. a5 {[%clk
01:13:55]} {[%emt 00:02:15]} b5 {[%clk 01:28:53]} {[%emt 00:02:27]} 9. axb6
{[%clk 01:11:41]} {[%emt 00:02:44]} Bb7 {[%clk 01:29:08]} {[%emt 00:00:16]} 10.
d3 {[%clk 00:59:28]} {[%emt 00:12:42]} a5 {[%clk 01:26:48]} {[%emt 00:02:50]}
11. Ra2 {[%clk 00:55:35]} {[%emt 00:04:23]} O-O {[%clk 01:20:38]} {[%emt
00:06:38]} 12. Qd2 {[%clk 00:48:27]} {[%emt 00:07:40]} Nxb6 {[%clk 00:51:37]}
{[%emt 00:29:31]} 13. Qf4 {[%clk 00:28:52]} {[%emt 00:20:04]} Nfd7 {[%clk
00:31:55]} {[%emt 00:20:14]} 14. Qh4 {[%clk 00:26:54]} {[%emt 00:02:27]} e6
{[%clk 00:31:25]} {[%emt 00:01:00]} 15. Qh3 {[%clk 00:12:53]} {[%emt 00:14:32]}
e5 {[%clk 00:24:47]} {[%emt 00:07:08]} 16. Bh6 {[%clk 00:11:58]} {[%emt
00:01:25]} Bxh6 {[%clk 00:12:52]} {[%emt 00:12:26]} 17. Qxh6 {[%clk 00:11:58]}
{[%emt 00:00:28]} f6 {[%clk 00:13:01]} {[%emt 00:00:22]} 18. Rfa1 {[%clk
00:11:42]} {[%emt 00:00:47]} Nb8 {[%clk 00:12:48]} {[%emt 00:00:43]} 19. Rxa5
{[%clk 00:10:39]} {[%emt 00:01:32]} Rxa5 {[%clk 00:13:14]} {[%emt 00:00:05]} 20.
Rxa5 {[%clk 00:11:01]} {[%emt 00:00:07]} Nc6 {[%clk 00:13:36]} {[%emt
00:00:07]} 21. Ra1 {[%clk 00:11:19]} {[%emt 00:00:13]} Qd7 {[%clk 00:12:16]}
{[%emt 00:01:49]} 22. Nd1 {[%clk 00:05:44]} {[%emt 00:06:05]} d5 {[%clk
00:12:04]} {[%emt 00:00:42]} 23. Ne3 {[%clk 00:04:20]} {[%emt 00:01:54]} Nd4
{[%clk 00:06:34]} {[%emt 00:06:00]} 24. Nxd4 {[%clk 00:01:23]} {[%emt
00:03:27]} cxd4 {[%clk 00:07:02]} {[%emt 00:00:02]} 25. Nxd5 {[%clk 00:01:14]}
{[%emt 00:00:39]} Nxd5 {[%clk 00:07:22]} {[%emt 00:00:11]} 26. exd5 {[%clk
00:01:42]} {[%emt 00:00:02]} Bxd5 {[%clk 00:07:47]} {[%emt 00:00:05]} 27. c4
{[%clk 00:01:28]} {[%emt 00:00:44]} dxc3 {[%clk 00:06:42]} {[%emt 00:01:35]} 28.
bxc3 {[%clk 00:01:57]} {[%emt 00:00:01]} Qb7 {[%clk 00:05:01]} {[%emt
00:02:11]} 29. Bf1 {[%clk 00:01:55]} {[%emt 00:00:32]} Rc8 {[%clk 00:03:53]}
{[%emt 00:01:38]} 30. Qd2 {[%clk 00:01:02]} {[%emt 00:01:22]} Qb3 {[%clk
00:03:15]} {[%emt 00:01:08]} 31. Rc1 {[%clk 00:01:12]} {[%emt 00:00:21]} Qa3
{[%clk 00:03:19]} {[%emt 00:00:26]} 32. g3 {[%clk 00:00:56]} {[%emt 00:00:46]}
Qc5 {[%clk 00:02:23]} {[%emt 00:01:26]} 33. h4 {[%clk 00:00:58]} {[%emt
00:00:28]} Kg7 {[%clk 00:02:15]} {[%emt 00:00:38]} 34. Qe3 {[%clk 00:00:43]}
{[%emt 00:00:45]} Qc6 {[%clk 00:01:23]} {[%emt 00:01:23]} 35. d4 {[%clk
00:00:37]} {[%emt 00:00:36]} exd4 {[%clk 00:01:12]} {[%emt 00:00:41]} 36. Qxd4
{[%clk 00:01:05]} {[%emt 00:00:02]} Bf7 {[%clk 00:01:16]} {[%emt 00:00:26]} 37.
Bg2 {[%clk 00:00:38]} {[%emt 00:00:57]} Qe6 {[%clk 00:01:30]} {[%emt 00:00:15]}
38. Bf3 {[%clk 00:00:34]} {[%emt 00:00:34]} Rc4 {[%clk 00:01:23]} {[%emt
00:00:38]} 39. Qd2 {[%clk 00:00:56]} {[%emt 00:00:07]} Rc7 {[%clk 00:01:35]}
{[%emt 00:00:19]} 40. Re1 {[%clk 00:01:10]} {[%emt 00:00:16]} Qc4 {[%clk
00:01:22]} {[%emt 00:00:43]} 41. Re3 {[%clk 00:00:40]} {[%emt 00:01:00]} Ra7
{[%clk 00:25:48]} {[%emt 00:06:04]} 42. Rd3 {[%clk 00:26:26]} {[%emt 00:04:44]}
Qb5 {[%clk 00:25:33]} {[%emt 00:00:45]} 43. Kg2 {[%clk 00:23:59]} {[%emt
00:02:56]} Qc5 {[%clk 00:14:44]} {[%emt 00:11:20]} 44. Rd7 {[%clk 00:21:24]}
{[%emt 00:03:05]} Rxd7 {[%clk 00:14:11]} {[%emt 00:01:04]} 45. Qxd7 {[%clk
00:21:50]} {[%emt 00:00:03]} h5 {[%clk 00:06:00]} {[%emt 00:08:40]} 46. Qb7
{[%clk 00:16:12]} {[%emt 00:06:08]} Qc4 {[%clk 00:05:23]} {[%emt 00:01:08]} 47.
Qb4 {[%clk 00:15:07]} {[%emt 00:01:35]} Qc7 {[%clk 00:04:46]} {[%emt 00:01:07]}
48. Qd4 {[%clk 00:15:32]} {[%emt 00:00:04]} Bc4 {[%clk 00:04:55]} {[%emt
00:00:22]} 49. Kg1 {[%clk 00:15:49]} {[%emt 00:00:12]} Be6 {[%clk 00:03:57]}
{[%emt 00:01:27]} 50. Be2 {[%clk 00:14:29]} {[%emt 00:01:51]} Bc8 {[%clk
00:03:41]} {[%emt 00:00:46]} 51. Bf1 {[%clk 00:12:50]} {[%emt 00:02:09]} Be6
{[%clk 00:00:59]} {[%emt 00:03:13]} 52. c4 {[%clk 00:11:08]} {[%emt 00:02:11]}
Qc6 {[%clk 00:01:29]} 53. Qa7+ {[%clk 00:04:13]} {[%emt 00:07:26]} Kh6 {[%clk
00:01:01]} {[%emt 00:00:57]} 54. Qb8 {[%clk 00:03:44]} {[%emt 00:00:59]} Kg7
{[%clk 00:01:08]} {[%emt 00:00:23]} 55. Qb4 {[%clk 00:03:38]} {[%emt 00:00:36]}
Kf7 {[%clk 00:01:13]} {[%emt 00:00:25]} 56. c5 {[%clk 00:03:45]} {[%emt
00:00:23]} Qd5 {[%clk 00:00:36]} {[%emt 00:01:08]} 57. Bg2 {[%clk 00:03:54]}
{[%emt 00:00:21]} Qd1+ {[%clk 00:00:59]} {[%emt 00:00:07]} 58. Kh2 {[%clk
00:04:18]} {[%emt 00:00:05]} g5 {[%clk 00:00:46]} {[%emt 00:00:43]} 59. Qe4
{[%clk 00:01:04]} {[%emt 00:03:44]} gxh4 {[%clk 00:01:04]} {[%emt 00:00:12]} 60.
gxh4 {[%clk 00:00:58]} {[%emt 00:00:35]} Qc1 {[%clk 00:01:13]} {[%emt
00:00:21]} 61. c6 {[%clk 00:00:40]} {[%emt 00:00:48]} Qc5 {[%clk 00:01:14]}
{[%emt 00:00:30]} 62. Kg3 {[%clk 00:00:34]} {[%emt 00:00:36]} Ke7 {[%clk
00:01:01]} {[%emt 00:00:43]} 63. Bf3 {[%clk 00:00:39]} {[%emt 00:00:25]} Kf7
{[%clk 00:00:34]} {[%emt 00:00:58]} 64. Qh7+ {[%clk 00:00:55]} {[%emt
00:00:13]} Kf8 {[%clk 00:00:59]} {[%emt 00:00:06]} 65. Qxh5 {[%clk 00:00:49]}
{[%emt 00:00:35]} Qd6+ {[%clk 00:00:50]} {[%emt 00:00:39]} 66. Kg2 {[%clk
00:01:16]} {[%emt 00:00:03]} Kg7 {[%clk 00:00:59]} {[%emt 00:00:22]} 67. Qe8
{[%clk 00:01:21]} {[%emt 00:00:24]} Qe5 {[%clk 00:01:05]} {[%emt 00:00:25]} 68.
Qe7+ {[%clk 00:00:54]} {[%emt 00:00:56]} Kg6 {[%clk 00:01:16]} {[%emt
00:00:20]} 69. Qb4 {[%clk 00:00:44]} {[%emt 00:00:39]} f5 {[%clk 00:00:53]}
{[%emt 00:00:53]} 70. Qe7 {[%clk 00:00:55]} {[%emt 00:00:19]} f4 {[%clk
00:01:01]} {[%emt 00:00:22]} 71. Qe8+ {[%clk 00:00:34]} {[%emt 00:00:51]} Kg7
{[%clk 00:00:34]} {[%emt 00:00:57]} 72. Qe7+ {[%clk 00:00:43]} {[%emt
00:00:21]} Kg6 {[%clk 00:01:01]} {[%emt 00:00:03]} 73. c7 {[%clk 00:00:46]}
{[%emt 00:00:27]} Qf5 {[%clk 00:01:22]} {[%emt 00:00:09]} 74. Qg5+ {[%clk
00:00:34]} {[%emt 00:00:43]} Qxg5+ {[%clk 00:01:47]} {[%emt 00:00:05]} 75. hxg5
{[%clk 00:01:01]} {[%emt 00:00:02]} Bc8 {[%clk 00:02:13]} {[%emt 00:00:04]} 76.
Kh2 {[%clk 00:01:26]} {[%emt 00:00:05]} Kxg5 {[%clk 00:02:38]} {[%emt
00:00:06]} 77. Bg2 {[%clk 00:01:54]} {[%emt 00:00:02]} Kh4 {[%clk 00:02:41]}
{[%emt 00:00:26]} 78. Bf1 {[%clk 00:00:32]} {[%emt 00:01:52]} f3 {[%clk
00:03:06]} {[%emt 00:00:05]} 79. Bc4 {[%clk 00:00:32]} {[%emt 00:00:31]} Kg4
{[%clk 00:03:30]} {[%emt 00:00:06]} 80. Bb5 {[%clk 00:00:44]} {[%emt 00:00:18]}
Kh4 {[%clk 00:03:43]} {[%emt 00:00:18]} 81. Bf1 {[%clk 00:01:02]} {[%emt
00:00:12]} Bd7 {[%clk 00:03:03]} {[%emt 00:01:10]} 82. Ba6 {[%clk 00:01:29]}
{[%emt 00:00:03]} 1-0

[Event "World Cup 2023 Open"]
[Site "Baku, Azerbaijan"]
[Date "2023.07.30"]
[Round "1.31"]
[White "Iturrizaga Bonelli Eduardo (ESP)"]
[Black "Amartuvshin Ganzorig (MGL)"]
[Result "0-1"]
[WhiteFideId "3901211"]
[BlackFideId "4902548"]
[WhiteElo "2617"]
[BlackElo "2407"]

1. c4 {[%clk 01:30:57]} {[%emt 00:00:02]} Nf6 {[%clk 01:30:49]} {[%emt
00:00:11]} 2. Nc3 {[%clk 01:31:22]} {[%emt 00:00:05]} e6 {[%clk 01:31:09]}
{[%emt 00:00:10]} 3. Nf3 {[%clk 01:29:04]} {[%emt 00:02:48]} d5 {[%clk
01:31:19]} {[%emt 00:00:20]} 4. d4 {[%clk 01:29:21]} {[%emt 00:00:12]} Bb4
{[%clk 01:31:37]} {[%emt 00:00:13]} 5. Qa4+ {[%clk 01:21:06]} {[%emt 00:08:46]}
Nc6 {[%clk 01:31:56]} {[%emt 00:00:11]} 6. e3 {[%clk 01:21:32]} {[%emt
00:00:04]} O-O {[%clk 01:31:51]} {[%emt 00:00:35]} 7. Bd2 {[%clk 01:20:54]}
{[%emt 00:01:08]} Re8 {[%clk 01:31:21]} {[%emt 00:01:01]} 8. h3 {[%clk
01:20:21]} {[%emt 00:01:03]} a6 {[%clk 01:29:50]} {[%emt 00:02:00]} 9. Qc2
{[%clk 01:20:03]} {[%emt 00:00:48]} Bd6 {[%clk 01:29:45]} {[%emt 00:00:35]} 10.
a3 {[%clk 01:19:37]} {[%emt 00:00:57]} dxc4 {[%clk 01:17:23]} {[%emt 00:12:52]}
11. Bxc4 {[%clk 01:19:09]} {[%emt 00:00:58]} h6 {[%clk 01:17:35]} {[%emt
00:00:18]} 12. Ba2 {[%clk 01:15:37]} {[%emt 00:04:02]} e5 {[%clk 01:14:24]}
{[%emt 00:03:41]} 13. d5 {[%clk 00:51:09]} {[%emt 00:24:57]} Nb8 {[%clk
01:06:53]} {[%emt 00:08:01]} 14. e4 {[%clk 00:47:42]} {[%emt 00:03:56]} Nh5
{[%clk 01:00:41]} {[%emt 00:06:42]} 15. g3 {[%clk 00:42:36]} {[%emt 00:05:36]}
b5 {[%clk 00:51:18]} {[%emt 00:09:54]} 16. O-O-O {[%clk 00:28:49]} {[%emt
00:14:17]} Nd7 {[%clk 00:50:05]} {[%emt 00:01:42]} 17. Nh4 {[%clk 00:28:03]}
{[%emt 00:01:17]} Nc5 {[%clk 00:48:24]} {[%emt 00:02:10]} 18. Be3 {[%clk
00:20:55]} {[%emt 00:07:38]} Rb8 {[%clk 00:46:07]} {[%emt 00:02:48]} 19. Qe2
{[%clk 00:17:46]} {[%emt 00:03:38]} Nf6 {[%clk 00:45:50]} {[%emt 00:00:47]} 20.
f3 {[%clk 00:17:43]} {[%emt 00:00:34]} Bd7 {[%clk 00:42:22]} {[%emt 00:03:58]}
21. Qf2 {[%clk 00:14:26]} {[%emt 00:03:47]} Qe7 {[%clk 00:42:19]} {[%emt
00:00:32]} 22. g4 {[%clk 00:14:21]} {[%emt 00:00:35]} b4 {[%clk 00:38:05]}
{[%emt 00:04:44]} 23. axb4 {[%clk 00:14:45]} {[%emt 00:00:06]} Rxb4 {[%clk
00:38:29]} {[%emt 00:00:06]} 24. Ng6 {[%clk 00:03:38]} {[%emt 00:11:37]} Nb3+
{[%clk 00:35:14]} {[%emt 00:03:45]} 25. Bxb3 {[%clk 00:04:02]} {[%emt
00:00:06]} fxg6 {[%clk 00:35:40]} {[%emt 00:00:05]} 26. Ba2 {[%clk 00:04:24]}
{[%emt 00:00:08]} Reb8 {[%clk 00:34:55]} {[%emt 00:01:15]} 27. Rd2 {[%clk
00:04:48]} {[%emt 00:00:05]} g5 {[%clk 00:34:35]} {[%emt 00:00:50]} 28. Rc2
{[%clk 00:01:58]} {[%emt 00:03:20]} Nh7 {[%clk 00:33:08]} {[%emt 00:01:58]} 29.
Kb1 {[%clk 00:02:19]} {[%emt 00:00:10]} a5 {[%clk 00:32:36]} {[%emt 00:01:01]}
30. Rhc1 {[%clk 00:02:17]} {[%emt 00:00:31]} Nf8 {[%clk 00:32:47]} {[%emt
00:00:20]} 31. Ka1 {[%clk 00:02:36]} {[%emt 00:00:12]} Ng6 {[%clk 00:33:03]}
{[%emt 00:00:13]} 32. Ne2 {[%clk 00:01:49]} {[%emt 00:01:16]} Ba4 {[%clk
00:32:43]} {[%emt 00:00:50]} 33. Rxc7 {[%clk 00:02:07]} {[%emt 00:00:13]} Qf8
{[%clk 00:32:23]} {[%emt 00:00:50]} 34. R7c4 {[%clk 00:01:41]} {[%emt
00:00:55]} Rxb2 {[%clk 00:08:02]} {[%emt 00:24:51]} 35. Rxa4 {[%clk 00:02:07]}
{[%emt 00:00:04]} Nf4 {[%clk 00:06:26]} {[%emt 00:02:06]} 36. Bxf4 {[%clk
00:00:42]} {[%emt 00:01:55]} exf4 {[%clk 00:06:50]} {[%emt 00:00:06]} 37. Qe1
{[%clk 00:00:31]} {[%emt 00:00:42]} Rxe2 {[%clk 00:07:03]} {[%emt 00:00:16]} 38.
Qc3 {[%clk 00:00:58]} {[%emt 00:00:04]} Qe8 {[%clk 00:07:04]} {[%emt 00:00:29]}
39. Rd4 {[%clk 00:01:13]} {[%emt 00:00:14]} Kh8 {[%clk 00:06:47]} {[%emt
00:00:47]} 40. Qc4 {[%clk 00:00:31]} {[%emt 00:01:13]} Be5 {[%clk 00:06:48]}
{[%emt 00:00:28]} 41. Rcd1 {[%clk 00:00:57]} {[%emt 00:00:04]} Bxd4+ {[%clk
00:06:57]} {[%emt 00:00:21]} 42. Qxd4 {[%clk 00:01:19]} {[%emt 00:00:07]} Rb4
{[%clk 00:07:03]} {[%emt 00:00:24]} 0-1